000 00970nam a2200253 a 4500
001 000034773
005 20230417152700.0
008 111019s1968 xxua 000 d spa d
040 _aDO-SdBNP
_beng
_cBNPHU
082 _a822.33
_bS527t
100 1 _aShakespeare, William
_960053
245 1 0 _aTitus andronicus /
_cWilliam Shakespeare ; editores Louis B. Wright, Virginia A. Lamar.
260 _aNew York, :
_bWashington Square,
_c1968.
300 _axlv, 100 p. :
_bil. ;
_c17 p.
490 1 _aThe Folger Library general reader's Shakespeare
_vW0141
504 _aBibliografía: p. xxiv-xliii.
590 _aPerteneció a la biblioteca personal de Juan Isidro Jimenes Grullón.
650 4 _aDrama inglés
_942705
650 0 _aTeatro inglés
_96749
700 1 2 _aWright, Louis B.,
_eed.
_960263
700 1 2 _aLamar, Virginia A.,
_eed.
_960264
830 0 _aThe Folger Library general reader's Shakespeare
_nW0141
_960265
910 _aValidado. Control de calidad MFF
999 _c34264
_d34264